Introduction to Nuclear and Particle Physics

This textbook fills the gap between the very basic and the highly advanced volumes that are widely available on the subject. It offers a concise but comprehensive overview of a number of topics, like general relativity, fission and fusion, which are otherwise only available with much more detail in...

Full description

Bibliographic Details
Main Author: D'Auria, Saverio (Author, http://id.loc.gov/vocabulary/relators/aut)
Corporate Author: SpringerLink (Online service)
Format: Electronic eBook
Language:English
Published: Cham : Springer International Publishing : Imprint: Springer, 2018.
Edition:1st ed. 2018.
Series:Undergraduate Lecture Notes in Physics,
Subjects:
Online Access:Full Text via HEAL-Link
LEADER 03217nam a2200493 4500
001 978-3-319-93855-4
003 DE-He213
005 20191021162232.0
007 cr nn 008mamaa
008 190304s2018 gw | s |||| 0|eng d
020 |a 9783319938554  |9 978-3-319-93855-4 
024 7 |a 10.1007/978-3-319-93855-4  |2 doi 
040 |d GrThAP 
050 4 |a QC770-798 
072 7 |a PHP  |2 bicssc 
072 7 |a SCI051000  |2 bisacsh 
072 7 |a PHP  |2 thema 
082 0 4 |a 539.7  |2 23 
100 1 |a D'Auria, Saverio.  |e author.  |4 aut  |4 http://id.loc.gov/vocabulary/relators/aut 
245 1 0 |a Introduction to Nuclear and Particle Physics  |h [electronic resource] /  |c by Saverio D'Auria. 
250 |a 1st ed. 2018. 
264 1 |a Cham :  |b Springer International Publishing :  |b Imprint: Springer,  |c 2018. 
300 |a XII, 192 p. 113 illus., 80 illus. in color.  |b online resource. 
336 |a text  |b txt  |2 rdacontent 
337 |a computer  |b c  |2 rdamedia 
338 |a online resource  |b cr  |2 rdacarrier 
347 |a text file  |b PDF  |2 rda 
490 1 |a Undergraduate Lecture Notes in Physics,  |x 2192-4791 
505 0 |a Introduction to radiation -- Introduction to special relativity -- Radioactive decays -- Passage of radiation through the matter -- Introduction to Particle Physics -- Introduction to Nuclear Physics -- Six Problems -- Bibliography. 
520 |a This textbook fills the gap between the very basic and the highly advanced volumes that are widely available on the subject. It offers a concise but comprehensive overview of a number of topics, like general relativity, fission and fusion, which are otherwise only available with much more detail in other textbooks. Providing a general introduction to the underlying concepts (relativity, fission and fusion, fundamental forces), it allows readers to develop an idea of what these two research fields really involve. The book uses real-world examples to make the subject more attractive and encourage the use of mathematical formulae. Besides short scientists' biographies, diagrams, end-of-chapter problems and worked solutions are also included. Intended mainly for students of scientific disciplines such as physics and chemistry who want to learn about the subject and/or the related techniques, it is also useful to high school teachers wanting to refresh or update their knowledge and to interested non-experts. 
650 0 |a Nuclear physics. 
650 0 |a Gravitation. 
650 0 |a Nuclear chemistry. 
650 1 4 |a Particle and Nuclear Physics.  |0 http://scigraph.springernature.com/things/product-market-codes/P23002 
650 2 4 |a Classical and Quantum Gravitation, Relativity Theory.  |0 http://scigraph.springernature.com/things/product-market-codes/P19070 
650 2 4 |a Nuclear Chemistry.  |0 http://scigraph.springernature.com/things/product-market-codes/C31000 
710 2 |a SpringerLink (Online service) 
773 0 |t Springer eBooks 
776 0 8 |i Printed edition:  |z 9783319938547 
776 0 8 |i Printed edition:  |z 9783319938561 
830 0 |a Undergraduate Lecture Notes in Physics,  |x 2192-4791 
856 4 0 |u https://doi.org/10.1007/978-3-319-93855-4  |z Full Text via HEAL-Link 
912 |a ZDB-2-PHA 
950 |a Physics and Astronomy (Springer-11651)